| 000 | 00712nam a22002057a 4500 | ||
|---|---|---|---|
| 999 |
_c16564 _d16564 |
||
| 003 | AR-CdUCM | ||
| 008 | 190328b ||||| |||| 00| 0 spa d | ||
| 040 |
_aMUNICIPALIDAD PROVINCIAL DEL CUSCO _cBIBLIOTECA MUNICIPAL DEL CUSCO |
||
| 082 |
_a190 / _bR81 / 1947 |
||
| 100 |
_aRomero, Francisco _910711 |
||
| 245 | _aFilósofos y problemas / | ||
| 260 |
_aBuenos Aires : _bLosada, _c1947. |
||
| 300 |
_a171 páginas ; _c19 cm. |
||
| 505 | _aContenido : Enrique Jose Varona -- Hipótesis sobre las culturas -- La antropología de Werner Sombart ... | ||
| 650 |
_aFilosofía _9395 |
||
| 650 |
_aPsicología _91538 |
||
| 650 |
_aFilosofía de la cultura _925787 |
||
| 942 |
_2ddc _cLIBROS |
||
| 945 |
_arah _d03/05/2019 |
||